Central Library OPAC University of Rajshahi

Two treatises of government / (Record no. 1836)

MARC details
000 -LEADER
fixed length control field 01184pam a2200325 a 4500
001 - CONTROL NUMBER
control field 1836
003 - CONTROL NUMBER IDENTIFIER
rucl marc code BD-RjUL
005 - DATE AND TIME OF LATEST TRANSACTION
control field 20211208233425.0
008 - FIXED-LENGTH DATA ELEMENTS--GENERAL INFORMATION
fixed length control field 131209r19631960enk b 001 0 eng
020 ## - INTERNATIONAL STANDARD BOOK NUMBER
International Standard Book Number 052135448X
International Standard Book Number 0521357306 (pbk.)
035 ## - SYSTEM CONTROL NUMBER
System control number (BD-RjUL)1863
040 ## - CATALOGING SOURCE
Original cataloging agency DLC
Transcribing agency DLC
Modifying agency DLC
-- BD-RjUL
Language of cataloging eng
041 ## - LANGUAGE CODE
Language code of text/sound track or separate title eng
082 00 - DEWEY DECIMAL CLASSIFICATION NUMBER
Classification number 320
Edition number 19
Author mark and year LOT 1963
100 1# - MAIN ENTRY--PERSONAL NAME
Personal name Locke, John
Dates associated with a name 1632-1704.
9 (RLIN) 6077
245 10 - TITLE STATEMENT
Title Two treatises of government /
Statement of responsibility, etc. John Locke ; edited with an introduction and notes by Peter Laslett.
260 ## - PUBLICATION, DISTRIBUTION, ETC. (IMPRINT)
Place of publication, distribution, etc. Cambridge [England] ;
-- New York :
Name of publisher, distributor, etc. Cambridge University Press,
Date of publication, distribution, etc. 1960 [reprinted 1963].
300 ## - PHYSICAL DESCRIPTION
Pagination 464 p. ;
Size 23 cm.
504 ## - BIBLIOGRAPHY, ETC. NOTE
Bibliography, etc Bibliography: p. 429-450. and index.
650 #0 - SUBJECT ADDED ENTRY--TOPICAL TERM
Topical term or geographic name as entry element Political science
General subdivision Early works to 1800.
9 (RLIN) 6079
Topical term or geographic name as entry element Liberty.
9 (RLIN) 4113
700 1# - ADDED ENTRY--PERSONAL NAME
Personal name Laslett, Peter.
856 42 - ELECTRONIC LOCATION AND ACCESS
Materials specified Publisher description
Uniform Resource Identifier <a href="http://www.loc.gov/catdir/description/cam023/87033783.html">http://www.loc.gov/catdir/description/cam023/87033783.html</a>
Materials specified Table of contents
Uniform Resource Identifier <a href="http://www.loc.gov/catdir/toc/cam022/87033783.html">http://www.loc.gov/catdir/toc/cam022/87033783.html</a>
942 ## - ADDED ENTRY ELEMENTS (KOHA)
Source of classification or shelving scheme Dewey Decimal Classification
Koha item type Books
Holdings
Lost status Source of classification or shelving scheme Damaged status Not for loan Collection code Permanent Location Current Location Shelving location Date acquired Source of acquisition Cost, normal purchase price Total Checkouts Full call number Date last seen Copy number Koha item type Date checked out Total Renewals
  Dewey Decimal Classification     Non-fiction Central Library, University of Rajshahi Central Library, University of Rajshahi   29/09/1965 Zeitliger 55.00   320 LOT 1963 09/12/2013 C-2 Books    
  Dewey Decimal Classification     Non-fiction Central Library, University of Rajshahi Central Library, University of Rajshahi   11/11/1965 Zeitlinger 0.00 2 320 LOT 1963 15/07/2018 C-5 Books 16/05/2018  
  Dewey Decimal Classification     Non-fiction Central Library, University of Rajshahi Central Library, University of Rajshahi   11/11/1965 Zeitlinger 0.00   320 LOT 1963 28/05/2014 C-6 Books    
  Dewey Decimal Classification     Non-fiction Central Library, University of Rajshahi Central Library, University of Rajshahi   11/11/1965 Zeit 0.00   320 LOT 1963 29/05/2014 C-3 Books    
  Dewey Decimal Classification     Non-fiction Central Library, University of Rajshahi Central Library, University of Rajshahi   02/11/1967 Sweet & Zeitlinger 60.00   320 LOT 1963 29/05/2014 C-7 Books    
  Dewey Decimal Classification     Non-fiction Central Library, University of Rajshahi Central Library, University of Rajshahi   11/11/1965 zeetlinger   1 320 LOT 1963 14/03/2019 C-8 Books 07/02/2019 1
  Dewey Decimal Classification     Non-fiction Central Library, University of Rajshahi Central Library, University of Rajshahi   01/01/1967 zeetlinger 60.00 1 320 LOT 1963 06/02/2019 C-4 Books 09/01/2019  
  Dewey Decimal Classification   Not For Loan Non-fiction Central Library, University of Rajshahi Central Library, University of Rajshahi Reading Room 20/02/1967 zeetlinger     320 LOT 1963 21/06/2014 C-1 Books